Φορμουλαϊκή μυθοπλασία στην ελληνική παιδική και νεανική λογοτεχνία : η περίπτωση του αστυνομικού ή αστυνομικίζοντος μυθιστορήματος : διπλωματική εργασία [μεταπτυχιακή εργασία]

Αποθηκεύτηκε σε:
Λεπτομέρειες βιβλιογραφικής εγγραφής
Κύριος συγγραφέας: Αντωνά, Παρασκευή-Ειρήνη-Θεοδώρα
Συγγραφή απο Οργανισμό/Αρχή: Πανεπιστήμιο Αιγαίου Σχολή Ανθρωπιστικών Επιστημών Τμήμα Επιστημών της Προσχολικής Αγωγής και του Εκπαιδευτικού Σχεδιασμού Μεταπτυχιακό Πρόγραμμα Σπουδών Παιδικό Βιβλίο και Παιδαγωγικό Υλικό
Άλλοι συγγραφείς: Παπαντωνάκης, Γεώργιος Δ., 1950- (Εισηγητής διατριβής)
Μορφή: Thesis Βιβλίο
Γλώσσα:Greek
Δημοσίευση: 2012
Θέματα:
Διαθέσιμο Online:http://hdl.handle.net/11610/13745
Ετικέτες: Προσθήκη ετικέτας
Δεν υπάρχουν, Καταχωρήστε ετικέτα πρώτοι!

MARC

LEADER 00000cam a2200000 i 4500
001 1/23663
008 121025s2012 gre d
035 |l 10113285 
040 |a GR-MY-UA  |b gre  |e aacr 
041 0 |a gre 
082 0 |a 808.899  |2 (22) 
100 1 |a Αντωνά, Παρασκευή-Ειρήνη-Θεοδώρα. 
245 1 0 |a Φορμουλαϊκή μυθοπλασία στην ελληνική παιδική και νεανική λογοτεχνία :  |b η περίπτωση του αστυνομικού ή αστυνομικίζοντος μυθιστορήματος : διπλωματική εργασία [μεταπτυχιακή εργασία] /  |c Αντωνά Παρασκευή-Ειρήνη-Θεοδώρα ; επιβλέπων: Παπαντωνάκης Γεώργιος 
260 |c 2012 
300 |a 255 σ.;  |b πιν.;  |c 30 εκ. 
500 |a Μέλη εξεταστικής επιτροπής: Αναγνωστοπούλου Διαμάντη, Παπαδάτος Ιωάννης 
502 |a Διατριβή (μεταπτυχιακή) – Πανεπιστήμιο Αιγαίου, Ρόδος, 2012. 
504 |a Βιβλιογραφία: σ. 203-210 
650 0 0 |a Children's literature. 
650 0 0 |a Children's literature  |x History and criticism. 
650 0 0 |a Police  |x Fiction  |z Greece. 
650 0 0 |a Dissertations, Academic  |z Greece. 
700 1 |a Παπαντωνάκης, Γεώργιος Δ.,   |d 1950-  |4 ths 
710 1 |a Πανεπιστήμιο Αιγαίου   |b Σχολή Ανθρωπιστικών Επιστημών   |b Τμήμα Επιστημών της Προσχολικής Αγωγής και του Εκπαιδευτικού Σχεδιασμού   |b Μεταπτυχιακό Πρόγραμμα Σπουδών Παιδικό Βιβλίο και Παιδαγωγικό Υλικό. 
852 |a INST  |b RHODES  |c DIATR  |e 20121025  |h 808.899 ΑΝΤ  |p 005400034653  |q 005400034653  |t MTXE  |y 23 
852 |a INST  |b RHODES  |c DIATR  |e 20121025  |h 808.899 ΑΝΤ  |p 005400034654  |q 005400034654  |t MTXE  |y 23 
856 |u http://hdl.handle.net/11610/13745 
901 |a BIBL4-2012-3 
909 |a Ρ  |b 176228 
909 |a Ρ  |b 176229 
924 |a ΑΝΤΩΝΑ  |b ΠΑΡΑΣΚΕΥΗ-ΕΙΡΗΝΗ-ΘΕΟΔΩΡΑ  |y ΡΟΔΟΣ  |z 2012 
970 |z 2012/10/25